| 000 | 01093nam a22001935i 4500 | ||
|---|---|---|---|
| 001 | 153973 | ||
| 003 | ES-MaACL | ||
| 005 | 20230906205448.0 | ||
| 008 | 050907s1875 xxua | |||||||| ||eng d | ||
| 040 |
_aCAM _bspa _cCAM |
||
| 110 | 2 |
_aGeographical Surveys West of the 100th Meridian (U.S.) _9140795 |
|
| 245 | 1 | 0 | _aReport upon geographical and geological explorations and surveys west of the one hundredth meridian, in charge of First Lieut. Geo. M. Wheeler under the direction of Brig. Gen. A.A. Humphreys ...published by ... in six volumes, accompanied by one topographical and one geological atlas. |
| 260 |
_aWashington : _bGovernment Printing Office, _c1875. |
||
| 300 |
_a15, p. 303-508 : _bil. ; _c30 cm. |
||
| 500 | _aPrecede al tít.: Engineer Department, United States Army. | ||
| 505 | 8 | _aContiene: Part IV, [Colorado] Vol. III Geology, | |
| 650 | 4 |
_aGeología- _zColorado. _9140797 |
|
| 852 |
_aES-MaACL _jT-1087-F-1 _z-- Enc. hol. _z-- Legado de Federico de Botella y de Hornos _z-- Dedicatoria de J.J. Stevenson a Federico de Botella y de Hornos _z-- Enc. en un vol. facticio |
||
| 999 |
_c153973 _d153973 |
||